NMR spectroscopy and stereoregularity of polimers
Gardado en:
| Autor Principal: | |
|---|---|
| Formato: | Libro |
| Idioma: | Undetermined |
| Publicado: |
Tokyo
Japan Scientific Societies Press
1996
|
| Những chủ đề: | |
| Các nhãn: |
Engadir etiqueta
Sen Etiquetas, Sexa o primeiro en etiquetar este rexistro!
|
| Thư viện lưu trữ: | Trung tâm Học liệu Trường Đại học Cần Thơ |
|---|
| LEADER | 00543nam a2200169Ia 4500 | ||
|---|---|---|---|
| 001 | CTU_127348 | ||
| 008 | 210402s9999 xx 000 0 und d | ||
| 082 | |a 620.192 | ||
| 082 | |b M423 | ||
| 100 | |a Matsuzaki, Kei | ||
| 245 | 0 | |a NMR spectroscopy and stereoregularity of polimers | |
| 245 | 0 | |c Kei Matsuzaki, Toshiyuki Uryu, Tetsuo Asakura | |
| 260 | |a Tokyo | ||
| 260 | |b Japan Scientific Societies Press | ||
| 260 | |c 1996 | ||
| 650 | |a NMR spectroscopy,Stereoregularity of polimers | ||
| 980 | |a Trung tâm Học liệu Trường Đại học Cần Thơ | ||